| 000 | 00711nam a2200217Ia 4500 | ||
|---|---|---|---|
| 003 | GCL | ||
| 005 | 20240530102224.0 | ||
| 008 | 140319s9999 xx 000 0 ara d | ||
| 040 |
_aGCL / _cGCL |
||
| 082 | 0 | 4 |
_a251.82 _bع ق |
| 100 | 1 | _aعلى عبدالواحد وافى | |
| 245 | 1 | 0 |
_aقصة الملكية فى العالم / _cعلى عبدالواحد وافى |
| 260 |
_a[ القاهرة ] : _bدار نهضة مصر للطبع والنشر ، _c1987 |
||
| 300 |
_a155 ص _b24 سم |
||
| 650 | 0 | 4 | _aالاسلام |
| 650 | 0 | 4 | _aاليهودية |
| 650 | 0 | 4 | _aالملكية |
| 650 | 0 | 4 | _aالملكية الشرعية الاسلامية |
| 650 | 0 | 4 | _aالاسرائيليون |
| 942 |
_2ddc _cBK |
||
| 999 |
_c30681 _d30681 |
||